000 00461nam a2200133Ia 4500
005 20260209120138.0
008 260209s9999||||xx |||||||||||||| ||und||
100 _aTanya Dayal
245 0 _aStandard setting in India : competition law IP issues
260 _aBangaloreBangalore
_bNLSIU
_c2016
300 _a77 p. ; 25 cm.
700 _aProf. (Dr.) T Ramakrishna - GuideProf. (Dr.) T Ramakrishna - Guide
856 _uhttps://dans.nls.ac.in/handle/123456789/1609
999 _c217286
_d217286